Les 20 plus gros producteurs de blé en Europe - Statistiques

Statistiques générales
  • Ce quiz a été pris 193 fois
  • Le résultat moyen est 17 sur 20
Statistiques - réponses
Rang Production en tonnes Pays % Correct
2 36 560 000 France
100%
4 21 459 000 Allemagne
99%
11 7 295 000 Italie
99%
9 8 565 000 Espagne
98%
1 76 060 000 Russie
98%
7 11 894 000 Pologne
97%
6 13 988 000 Royaume-Uni
94%
3 32 183 000 Ukraine
94%
12 5 290 000 Hongrie
87%
8 10 434 000 Roumanie
87%
17 3 028 000 Suède
85%
10 7 343 000 Bulgarie
84%
20 2 002 000 Slovaquie
84%
13 4 961 000 Tchéquie
84%
18 2 441 000 Biélorussie
83%
16 3 442 000 Serbie
81%
19 2 408 000 Lettonie
73%
14 4 249 000 Lituanie
73%
5 17 700 000 Turquie
73%
15 4 047 000 Danemark
72%
Aucun quiz correspondant
Distribution des résultats
% des personnes avec chaque résultat
Percentile par nombre de réponses
Votre historique - résultats
Vous n’avez pas pris ce quiz